La pensee de Karl Marx

Αποθηκεύτηκε σε:
Λεπτομέρειες βιβλιογραφικής εγγραφής
Κύριος συγγραφέας: Lefebvre, Henri, 1901-1991
Μορφή: Βιβλίο
Γλώσσα:French
Δημοσίευση: [Paris] : Bordas, 1966
Σειρά:Pour connaitre
Θέματα:
Ετικέτες: Προσθήκη ετικέτας
Δεν υπάρχουν, Καταχωρήστε ετικέτα πρώτοι!

MARC

LEADER 00000cam a2200000 i 4500
001 1/29329
008 060512s1966 fre d
035 |l 10083873 
040 |a GR-MY-UA  |b gre  |e aacr 
041 0 |a fre 
082 0 |a 335.4  |2 (22) 
100 1 |a Lefebvre, Henri,   |d 1901-1991. 
245 1 3 |a La pensee de Karl Marx /  |c Henri Lefebvre 
260 |a [Paris] :   |b Bordas,   |c 1966 
300 |a 277 σ.;  |c 23 εκ. 
490 1 |a Pour connaitre 
504 |a Περιέχει βιβλιογραφία (σ. [275]-277) 
600 1 0 |a Marx, Karl,   |d 1818-1883. 
650 0 0 |a Socialism. 
830 0 |a Pour connaitre 
852 |a INST  |b LESVOS  |e 20060512  |h 335.4 LEF  |p 005100034963  |q 005100034963  |t BK  |y 0 
901 |a BIBL1-2006-2 
909 |a Λ  |b 124030 
970 |a ΚΑΡΑ  |b ΓΙΑΣΕΜΗ  |z 2006/05/12